Kúpna zmluva v medzinárodnom obchode

Bibliographic Details
Main Author: Jánoš, Daniel (Author)
Format: Article
Language:Slovak
ISSN:1335-1583
Subjects:

MARC

LEADER 00000nab a2200000 a 4500
001 vtls000681093
003 SK-MaSNL
005 20260303210831.0
008 180207c1999 xo 0 slo
015 |a SNBRB1999/02-04068 
035 |a CLN000033261 
040 |a SNKBUCL  |b slo  |c SNKBUCL  |e AACR2 
041 0 |a slo 
044 |a xo  |c SK 
080 |a 347.7  |2 UDC-MRF-SK2 
100 1 |a Jánoš, Daniel  |4 aut  |9 889083 
245 1 0 |a Kúpna zmluva v medzinárodnom obchode  |c Daniel Jánoš 
500 |a ISSN zistené mimo dokumentu 
650 0 7 |a kúpne zmluvy  |2 snkbucl  |9 78084 
650 0 7 |a medzinárodný obchod  |2 snkbucl  |9 2202 
650 0 7 |a obchodné právo  |2 snkbucl  |9 2216 
655 7 |a články z novín a časopisov  |2 snkbucl  |9 267496 
773 0 |x 1335-1583  |t Poradca  |g Č. 3 (1999), s. 184-186 
850 |a Slovenská národná knižnica v Martine 
852 |a SNK  |b KIS3GCP 
958 |a RBX 
999 |c 2201989  |d 2203919